01797nac a22003251u 4500010001600000020001500016082001800031090001500049100003400064245009600098260005500194300002600249500027800275500002700553504004100580511002800621650004800649650005700697650003800754650003300792710008100825710008700906710005900993856009401052856008601146856007401232942002001306999001501326952013001341 a 96061069 a186064099000a261.2709bNIE c6398d6398 aNielsen, Jorgen S.[ed. 04aThe Christian-Muslim frontier :bchaos, clash, or dialogue? /cedited by Jorgen S. Nielsen. aLondon ;aNew York :bI.B. Tauris,c.1998.cc.1998. axii, 151 p. ;c23 cm. aProceedings of a conference sponsored by the Institute for African Studies at the Russian Academy of Sciences and the Centre for the Study of Islam and Christian-Muslim Relations, Selly Oak Colleges, Birmingham, held at the Tatarstan Academy of Sciences, Kazan, Oct., 1993. aDistributer: Al-Ahram. aIncludes bibliographical references. aCatalogued By: Mahitab. 0aIslamxRelationsxChristianityxCongresses. 0aChristianity and other religionsxIslamxCongresses. 0aIslamzAsia, CentralxCongresses. 0aIslamzCaucasusxCongresses.2 aInstitut Afriki (Rossiĭskaiï¸ a︡ akademiiï¸ a︡ nauk)2 aCentre for the Study of Islam and Christian-Muslim Relations (Birmingham, England)2 aTatarstan fănnăr akademiiï¸ a︡se.423Contributor biographical informationuhttp://www.loc.gov/catdir/bios/hol059/96061069.html423Publisher descriptionuhttp://www.loc.gov/catdir/description/hol055/96061069.html423Table of contentsuhttp://www.loc.gov/catdir/toc/hol052/96061069.html cBBk261.2709NIE c6398d6398 00104070aMAINbMAINcLOWd2007-11-22ePurchasel1o261.2709NIEp000007885q2009-05-05r2008-09-23 00:00:00s2008-09-23yBB